Análisis para la creación de estudios superiores (Record no. 62421)

MARC details
000 -CABECERA
campo de control de longitud fija 00566nam a2200193 a 4500
005 - FECHA Y HORA DE LA ÚLTIMA TRANSACCIÓN
campo de control 20210223123801.0
008 - ELEMENTOS DE LONGITUD FIJA--INFORMACIÓN GENERAL
campo de control de longitud fija 991125n 000 0 spa u
035 ## - NÚMERO DE CONTROL DEL SISTEMA
Número de control de sistema UPN01000064068
100 1# - ASIENTO PRINCIPAL--NOMBRE PERSONAL
Nombre de persona Méndez Nápoles, Oscar
9 (RLIN) 29294
222 ## - TÍTULO CLAVE
Título clave REVISTA DE LA EDUCACION SUPERIOR
245 ## - MENCIÓN DE TÍTULO
Título Análisis para la creación de estudios superiores
300 ## - DESCRIPCIÓN FÍSICA
Extensión 13-19
362 0# - FECHAS DE PUBLICACIÓN Y/O DESIGNACIÓN SECUENCIAL
Fecha de publicación y/o designación secuencial 1975 Vol. 4, no. 2, abr.-jun.
653 0# - TERMINO DE INDIZACION - NO CONTROLADO
Término no controlado EDUCACION SUPERIOR
653 0# - TERMINO DE INDIZACION - NO CONTROLADO
Término no controlado PLANEACION EDUCATIVA
653 0# - TERMINO DE INDIZACION - NO CONTROLADO
Término no controlado SISTEMA EDUCATIVO NACIONAL
904 ## - ELEMENTOS DE DATOS D LOCAL, LDD (RLIN)
a AC
b 001879
905 ## - TIPO DE MATERIAL
Tipo de material Articulo

No items available.